Catálogo
 En Linea

Constitución de la República Dominicana / (Registro nro. 48868)

Detalles MARC
000 -CABECERA
campo de control de longitud fija 01278nam a22001817a 4500
003 - IDENTIFICADOR DEL NÚMERO DE CONTROL
campo de control OSt
005 - FECHA Y HORA DE LA ÚLTIMA TRANSACCIÓN
campo de control 20201014090714.0
008 - DATOS DE LONGITUD FIJA--INFORMACIÓN GENERAL
campo de control de longitud fija 201013b 2010 dr 00| 0 eng d
040 ## - FUENTE DE LA CATALOGACIÓN
Centro catalogador/agencia de origen DO-SdBNP
Lengua de catalogación spa
Centro/agencia transcriptor BNPHU
110 1# - ENTRADA PRINCIPAL--NOMBRE DE ENTIDAD CORPORATIVA
Nombre de entidad corporativa o nombre de jurisdicción como elemento de entrada República Dominicana
9 (RLIN) 447
240 10 - TÍTULO UNIFORME
Título uniforme Constitución (2010)
245 10 - MENCIÓN DE TÍTULO
Título Constitución de la República Dominicana /
Mención de responsabilidad, etc. presentación, César Pina Toribio.
260 ## - PUBLICACIÓN, DISTRIBUCIÓN, ETC.
Lugar de publicación, distribución, etc. Santo Domingo :
Nombre del editor, distribuidor, etc. Ministerio de la Presidencia de la República Dominicana,
Fecha de publicación, distribución, etc. 2010.
300 ## - DESCRIPCIÓN FÍSICA
Extensión XI, 190 p
Dimensiones 23 cm.
505 0# - NOTA DE CONTENIDO CON FORMATO
Nota de contenido con formato Presentación --
Título De la Nación, del Estado, de su gobierno y de sus principios fundamentales --
-- De los derechos, garantías y deberes fundamentales --
-- Del Poder Legislativo --
-- Del Poder Ejecutivo --
-- Del Poder Judicial --
-- Del Consejo Nacional de la Magistratura --
-- Del control constitucional --
-- Del Defensor del Pueblo --
-- Del ordenamiento del territorio y de la administración local --
-- Del Sistema electoral --
-- Del régimen económico y financiero y de la Cámara de Cuentas --
-- De las Fuerzas Armadas, de la Policía Nacional y de la Seguridad y Defensa --
-- De los Estados de Excepción --
-- De las Reformas Constitucionales --
-- Disposiciones generales y transitorias --
-- Firmas --
-- Índice alfabético.
942 ## - ELEMENTOS DE PUNTO DE ACCESO ADICIONAL (KOHA)
Fuente del sistema de clasificación o colocación Dewey Decimal Classification
Tipo de ítem Koha Libro
956 ## - LOCALIZACIÓN Y ACCESO ELECTRÓNICOS LOCAL (OCLC)
Nombre del host LOPEREZ
Existencias
Estado de retiro Estado de pérdida Fuente del sistema de clasificación o colocación No para préstamo Código de colección Localización permanente Ubicación/localización actual Ubicación en estantería Fecha de adquisición Fuente de adquisición Total de préstamos Fecha visto por última vez Precio válido a partir de Tipo de ítem Koha
    Dewey Decimal Classification   Monografías: Libros y Folletos Patrimonio Dominicano Patrimonio Dominicano En catalogación 13.10.2020 Francisco Cáceres   13.10.2020 13.10.2020 Libro

Con tecnología Koha